| 000 | 02477cam a22005414i 4500 | ||
|---|---|---|---|
| 003 | PE-LiUPU | ||
| 005 | 20250731180118.0 | ||
| 008 | 150623s r 000 0 d | ||
| 020 | _a9586002683 | ||
| 035 | _a(Sirsi) i9789586002684 | ||
| 040 |
_aPE-LiUPU _bspa _cPE-LiUPU _erda |
||
| 049 | _aPRUA | ||
| 082 | 0 | 4 |
_a574.500 8 _bM _221 |
| 100 | 1 |
_aCalvo Roy, Antonio, _eautor. |
|
| 245 | 1 | 3 |
_aLa Antártida : _bcatedral del hielo / _cAntonio Calvo Roy. |
| 264 | 1 |
_aBogotá, Colombia : _bMcGraw-Hill Interamericana de España, _c1994. |
|
| 300 |
_a147 páginas : _bilustraciones fotos, mapas, gráficos ; _c21 centímetros |
||
| 336 |
_atext _2rdacontent |
||
| 337 |
_aunmediated _2rdamedia |
||
| 338 |
_avolume _2rdacarrier |
||
| 490 | 0 |
_aMcGraw-Hill de Divulgación Científica ; _v2 |
|
| 504 | _aIncluye bibliografía. | ||
| 505 | 0 | _aEl último rincón de la tierra: El mundo era redondo. ¿Qué hace allí ese montón de hielo?. Los descubridores. El primero tesoro blanco. La decepción de las ballenas. -Un contimente peculiar: El frío del sur. Todo el hielo del planeta. La capa de ozono. El krill, alimento universal. Ballenas: las señoras del mar. Las focas. Los peces. Pájaros de hielo. Los Pingüinos, elegancia antártica. La flora. -Política de guante blanco. Ciencia y política. La peral de la diplomacia. Acuerdos para proteger. Los minerales de Wellington. El protocolo de Madrid. ¿Turismo en el Parque Mundial? -España en la Antárdida: Los pioneros. La base Juan Carlos I. El "Hespérides". -Texto del Tratado Antártico. -Países miembros y fecha de adhesión. | |
| 526 | _aSEG44 | ||
| 526 | _aSEG26 | ||
| 526 | _aP159 | ||
| 526 | _aP155 | ||
| 526 | _aP154 | ||
| 526 | _aP153 | ||
| 526 | _aP150 | ||
| 526 | _aP100 | ||
| 526 | _aP31 | ||
| 526 | _aP30 | ||
| 526 | _aP26 | ||
| 526 | _aP25 | ||
| 526 | _aP24 | ||
| 526 | _aP22 | ||
| 526 | _aP15 | ||
| 526 | _aP10 | ||
| 541 | _g002537; | ||
| 650 | 1 | 4 | _aAntarctica. |
| 650 | 2 | 4 | _aRegiones antarcticas. |
| 942 |
_2ddc _cBOOK |
||
| 949 |
_a574.500 8 M _wDEWEY _c1 _i51380 _lCCODEBUL1 _mBUL _p112.00 _r0 _sY _tBOOK _u2015-6-24 _xINGENIERIA _zUNKNOWN _0COMPRA _o.STAFF. Colección General |
||
| 994 |
_aC0 _bPEPRU |
||
| 596 | _a1 | ||
| 999 |
_a574.500 8 M _wDEWEY _c33098 _i51380 _e2017-4-6 _f2021-11-9 _g7 _lCCODEBUL1 _mBUL _n1 _p112.00 _r0 _sY _tBOOK _u2015-6-24 _xINGENIERIA _zUNKNOWN _0COMPRA _o.STAFF. Colección General _d33098 |
||
| 980 |
_81 _gALBERTO SANCHEZ Responsable de Automatización |
||